000 00835nam a2200253 4500
001 144610
003 ES-MaACL
005 20250808090131.0
007 t|
008 070214s1985 sp r ||||1| spa d
020 _a84-259-0734-9
080 _a342
100 1 _aSmend, Rudolf.
_9106820
245 1 0 _aConstitución y derecho constitucional /
_cRudolf Smend ; [traducción de José Mª Beneyto Pérez].
260 _aMadrid :
_bCentro de Estudios Constitucionales,
_c1985.
300 _aVII, 287 p. ;
_c21 cm.
490 1 _aEstudios constitucionales
650 7 _aDerecho constitucional
_2embne
_911680
700 1 _aBeneyto, José María.
_927557
710 2 _aCentro de Estudios Constitucionales (España)
_92618
830 1 _aEstudios constitucionales
_9180617
852 4 _aES-MaACL
_jL-10291
999 _c144610
_d144610